Mould Mechanics and Mechanism of Bonding in sand moulds used for metal casting (Record no. 323002)
[ view plain ]
| 000 -LEADER | |
|---|---|
| fixed length control field | 00448 a2200133 4500 |
| 001 - CONTROL NUMBER | |
| control field | 87929 |
| 082 ## - DEWEY DECIMAL CLASSIFICATION NUMBER | |
| Classification number | 671.25 PER |
| 090 ## - LOCALLY ASSIGNED LC-TYPE CALL NUMBER (OCLC); LOCAL CALL NUMBER (RLIN) | |
| -- | 41399 |
| -- | 41399 |
| 100 ## - MAIN ENTRY--PERSONAL NAME | |
| Personal name | Pervaiz Habibullah, Dr Engr |
| 245 ## - TITLE STATEMENT | |
| Title | Mould Mechanics and Mechanism of Bonding in sand moulds used for metal casting |
| Remainder of title | Study-cum-Research |
| 260 ## - PUBLICATION, DISTRIBUTION, ETC. | |
| Place of publication, distribution, etc. | Lahore |
| Name of publisher, distributor, etc. | [n. p] |
| Date of publication, distribution, etc. | 2013 |
| 300 ## - PHYSICAL DESCRIPTION | |
| Extent | 140p. Pb |
| 520 ## - SUMMARY, ETC. | |
| Summary, etc. | interdisciplinary research in metal and material for advance applications |
| 942 ## - ADDED ENTRY ELEMENTS (KOHA) | |
| Institution code [OBSOLETE] | CAE NUST |
| Call number prefix | 671.25 PER |
| Withdrawn status | Lost status | Damaged status | Not for loan | Collection code | Permanent Location | Current Location | Date acquired | Total Checkouts | Full call number | Barcode | Date last seen | Price effective from | Koha item type |
|---|---|---|---|---|---|---|---|---|---|---|---|---|---|
| College of Aeronautical Engineering (CAE) | College of Aeronautical Engineering (CAE) | 04/03/2017 | 671.25 PER | CAEG-9897 | 04/05/2017 | 04/05/2017 | Book |
